Statistics for Ivory Coast National Football Team

Click here to take the quiz!

General Stats

  • This quiz has been taken 275 times
    (33 since last reset)
  • The average score is 6 of 15

Answer Stats

GoalsCapsPlayer% Correct
65105Didier Drogba
100%
7120Kolo Touré
94%
19101Yaya Touré
94%
2388Gervinho
72%
2796Salomon Kalou
66%
18113Max Gradel
44%
493Serge Aurier
41%
1123Didier Zokora
28%
1862Aruna Dindane
25%
4990Abdoulaye Traoré
19%
2130Laurent Pokou
16%
188Arthur Boka
13%
2100Siaka Tiéné
13%
2239Ibrahima Bakayoko
3%
2850Djohan Tiéhi
0%

Score Distribution

Percentile by Number Answered

Percent of People with Each Score

Your Score History

You have not taken this quiz since the last reset